| 000 | 01189nam0a2200313 4500 | ||
|---|---|---|---|
| 001 | RU\NLR\bibl\1404203 | ||
| 005 | 20260405204137.0 | ||
| 010 |
_a978-5-49807-152-7 _95000 |
||
| 021 |
_aRU _b2009-50248 _93082 |
||
| 035 | _a(NLR Aleph) 001396202 | ||
| 090 |
_a1193535 _c1193535 |
||
| 100 | _a20090826d2009 |||y0rusy50 ca | ||
| 101 | 0 | _arus | |
| 102 | _aRU | ||
| 105 | _aa ||||||||| | ||
| 200 | 1 |
_aДиагностика неисправностей автомобиля в понятных схемах _eАлексей Громаковский |
|
| 210 |
_aМосква [и др.] _cПитер _d2009 |
||
| 215 |
_a96 с. _cсхем. _d21 |
||
| 225 | 1 | _aАвтошпаргалка | |
| 225 | 1 | _awww.avtotut.ru рекомендует | |
| 313 | _aлегк.автом. | ||
| 606 | 1 |
_aЛегковые автомобили _xТехническая диагностика _92187394 _3RU\NLR\auth\661315088 |
|
| 686 | _aО335.52-082.051 | ||
| 700 | 1 |
_4070 _8rus _7ca _aГромаковский _bА. А. _gАлексей Алексеевич _3RU\NLR\auth\7791435 _974362 |
|
| 801 | 0 |
_aRU _bNLR _c20090826 _gRCR |
|
| 801 | 1 |
_aRU _bNLR _c20090826 |
|
| 942 | _cBOOK | ||
| 980 | _aNB | ||